US Survivor Players with the most days spent in the game - Statistics

General Stats
  • This quiz has been taken 19 times
  • The average score is 12 of 15
Answer Stats
Days Answer % Correct
152 Rob Mariano
100%
107 Amber Mariano
94%
144 Cirie Fields
94%
111 Colby Donaldson
94%
149 Parvati Shallow
94%
110 Sandra Diaz-Twine
94%
108 Amanda Kimmel
88%
149 Ozzy Lusth
88%
104 Rupert Boneham
88%
116 Tyson Apostol
81%
112 Coach Wade
69%
103 Andrea Boehlke
63%
96 Sarah Lacina
63%
138 Aubry Bracco
56%
98 Jeremy Collins
50%
No matching quizzes found
Score Distribution
Percent of People with Each Score
Percentile by Number Answered
Your Score History
You have not taken this quiz